[Event "Paleochora op 12th"]
[Site "Paleochora"]
[Date "2019.07.15"]
[Round "4"]
[White "Mitsis, Georgios"]
[Black "Apanasenok, Alexander"]
[Result "1/2-1/2"]
[WhiteElo "2399"]
[BlackElo "2202"]
[PlyCount "113"]
[EventDate "2019.07.13"]
[EventType "swiss"]
[EventRounds "9"]
[EventCountry "GRE"]
[SourceTitle "EXT 2020"]
[Source "ChessBase"]
[SourceDate "2019.10.17"]
[SourceVersion "1"]
[SourceVersionDate "2019.10.17"]
[SourceQuality "1"]

1. d4 g6 2. e4 Bg7 3. Nf3 d6 4. c4 e5 5. d5 f5 6. Nc3 Nf6 7. exf5 gxf5 8. h4 0-0 9. h5 h6 10. Nh4 Na6 11. Bd3 e4 12. Be2 Nc5 13. Ng6 Re8 14. Be3 Ng4 15. Qd2 Nxe3 16. fxe3 Bd7 17. Nf4 Qf6 18. Rh3 Kh7 19. Kf2 a6 20. Rc1 Rg8 21. Bd1 Qg5 22. Kf1 a5 23. Bc2 Be5 24. Rb1 Qf6 25. Kg1 Bxf4 26. exf4 Rg4 27. Nd1 Rag8 28. Ne3 Rxf4 29. Qxa5 Qd4 30. Kh1 b6 31. Qe1 Nd3 32. Bxd3 exd3 33. Qc3 Qxc3 34. bxc3 Rf2 35. Rf1 Re2 36. Rhf3 f4 37. Nd1 Rgxg2 38. Nf2 Bh3 39. Rxh3 Rgxf2 40. Rxf2 Rxf2 41. Rxd3 Kg7 42. Kg1 Rxa2 43. Rf3 Rc2 44. Rxf4 Rxc3 45. Kg2 Re3 46. Rg4+ Kh7 47. Rf4 Kg7 48. Rg4+ Kf6 49. Rg6+ Ke5 50. Rg7 Re4 51. Rxc7 Rh4 52. Rc6 Rxh5 53. Rxb6 Rh4 54. Rc6 h5 55. c5 Kxd5 56. Rxd6+ Kxc5 57. Rd8 1/2-1/2

[Event "Lisbon Portugal rapid op"]
[Site "Lisbon"]
[Date "2018.02.10"]
[Round "8"]
[White "Apanasenok, Alexander"]
[Black "Santos, Jose Guilherme B Li"]
[Result "1-0"]
[WhiteElo "2236"]
[BlackElo "2098"]
[PlyCount "86"]
[EventDate "2018.02.10"]
[EventType "swiss (rapid)"]
[EventRounds "8"]
[EventCountry "POR"]
[SourceTitle "CBM 182 Extra"]
[Source "ChessBase"]
[SourceDate "2018.02.23"]
[SourceVersion "1"]
[SourceVersionDate "2018.02.23"]
[SourceQuality "1"]

1. e4 c5 2. f4 Nc6 3. Nf3 d6 4. Bb5 g6 5. Bxc6+ bxc6 6. d3 Bg7 7. 0-0 e6 8. Nc3 Ne7 9. Bd2 0-0 10. Rb1 d5 11. Qe2 Ba6 12. b3 Bb5 13. Nd1 a5 14. c4 Ba6 15. Nc3 Bxc3 16. Bxc3 d4 17. Bd2 a4 18. bxa4 Re8 19. a5 Nc8 20. Qf2 Nd6 21. Ne5 Qc7 22. Qh4 f5 23. exf5 exf5 24. Qg3 Bc8 25. Qf3 Ra6 26. Rfe1 Nb7 27. Re2 Nxa5 28. Bxa5 Rxa5 29. Rbe1 Bb7 30. h4 Ra3 31. h5 Qa5 32. Qg3 Rxa2 33. Rxa2 Qxa2 34. hxg6 h6 35. Qh4 Kg7 36. Kh2 Qa8 37. Rb1 Re6 38. Qh3 Bc8 39. Rb6 Rf6 40. Qf3 Bb7 41. Qd1 Bc8 42. Qb1 Qa3 43. Rb8 Be6 1-0

[Event "Lisbon Portugal op"]
[Site "Lisbon"]
[Date "2018.02.04"]
[Round "4"]
[White "Sousa, Andre Ventura"]
[Black "Apanasenok, Alexander"]
[Result "1-0"]
[WhiteElo "2405"]
[BlackElo "2236"]
[PlyCount "67"]
[EventDate "2018.02.03"]
[EventType "swiss"]
[EventRounds "9"]
[EventCountry "POR"]
[SourceTitle "CBM 182 Extra"]
[Source "ChessBase"]
[SourceDate "2018.02.23"]
[SourceVersion "1"]
[SourceVersionDate "2018.02.23"]
[SourceQuality "1"]

1. e4 d6 2. d4 Nf6 3. Nc3 e5 4. Nf3 Nbd7 5. Bc4 Be7 6. a4 0-0 7. 0-0 c6 8. Re1 exd4 9. Qxd4 Ne5 10. Nxe5 dxe5 11. Qxe5 Ng4 12. Qf4 Bd6 13. e5 Nxe5 14. Rxe5 Qc7 15. Bxf7+ Kh8 16. Qh4 Bxe5 17. Bg6 h6 18. Bxh6 gxh6 19. Qxh6+ Kg8 20. Bd3 Qf7 21. Ne4 Bg7 22. Qh4 Bd4 23. c3 Bxf2+ 24. Nxf2 Bf5 25. Bc4 Be6 26. Qg3+ Kh7 27. Ne4 Qf4 28. Ng5+ Kh6 29. Nxe6 Qxg3 30. hxg3 Rf6 31. g4 Kg6 32. g5 Rf7 33. Re1 Re8 34. Bd3+ 1-0

[Event "Rethymno op 6th"]
[Site "Rethymno"]
[Date "2014.07.18"]
[Round "8"]
[White "Yrjola, Jouni"]
[Black "Apanasenok, Alexander"]
[Result "1/2-1/2"]
[WhiteElo "2354"]
[BlackElo "2198"]
[PlyCount "70"]
[EventDate "2014.07.12"]
[EventType "swiss"]
[EventRounds "9"]
[EventCountry "GRE"]
[SourceTitle "CBM 161 Extra"]
[Source "ChessBase"]
[SourceDate "2014.08.29"]
[SourceVersion "1"]
[SourceVersionDate "2014.08.29"]
[SourceQuality "1"]

1. d4 Nf6 2. c4 e6 3. Nf3 Bb4+ 4. Nbd2 b6 5. a3 Bxd2+ 6. Qxd2 Bb7 7. e3 0-0 8. b4 d6 9. Bb2 Nbd7 10. Bd3 Qe7 11. 0-0 c5 12. Rfd1 Rfd8 13. Qe1 Rac8 14. Rac1 h6 15. Bf1 Ba8 16. Nd2 Bc6 17. Nb1 Bb7 18. Nc3 Ba6 19. Nb5 Bxb5 20. cxb5 cxd4 21. Bxd4 d5 22. f3 Qd6 23. Bb2 Qb8 24. Rxc8 Rxc8 25. Rc1 Rxc1 26. Qxc1 Ne8 27. Qc6 Qc7 28. Bd3 Kf8 29. g3 Qd6 30. Kf2 Ke7 31. f4 f6 32. Bg6 Nc7 33. Bd3 Ne8 34. Bg6 Nc7 35. Bd3 Ne8 1/2-1/2

[Event "Paleochora op 5th"]
[Site "Paleochora"]
[Date "2012.07.23"]
[Round "9"]
[White "Apanasenok, Alexander"]
[Black "Dijkhuis, Tycho"]
[Result "1-0"]
[WhiteElo "2206"]
[BlackElo "2006"]
[PlyCount "111"]
[EventDate "2012.07.16"]
[EventType "swiss"]
[EventRounds "9"]
[EventCountry "GRE"]
[SourceTitle "CBM 149 Extra"]
[Source "ChessBase"]
[SourceDate "2012.08.24"]
[SourceVersion "1"]
[SourceVersionDate "2012.08.24"]
[SourceQuality "1"]

1. e4 c5 2. Nc3 a6 3. g3 b5 4. Bg2 Bb7 5. d3 e6 6. Nf3 d5 7. exd5 exd5 8. 0-0 Nf6 9. d4 Ne4 10. Nxe4 dxe4 11. Ng5 cxd4 12. Nxe4 Nc6 13. Bg5 Ne7 14. Re1 Qb6 15. Nd6+ Qxd6 16. Bxb7 Ra7 17. Bg2 f6 18. Bf4 Qc5 19. Re6 Kf7 20. Qe2 Qc4 21. Re1 Qxe2 22. R1xe2 Ng6 23. Rxa6 Rxa6 24. Bd5+ Re6 25. Bxe6+ Ke7 26. Bc4+ Kd8 27. Bxb5 Bc5 28. Bd2 Ne5 29. Kg2 Kc7 30. a4 Kd6 31. h3 g5 32. b4 Ba7 33. Re1 Rc8 34. Rc1 Kd5 35. Bd3 Nc4 36. Bxc4+ Rxc4 37. Kf3 Bb8 38. a5 Kc6 39. Ke4 Kb5 40. Kd3 Bd6 41. Ra1 Rc8 42. a6 Ra8 43. Ra2 Bc7 44. Ke4 Bb6 45. Kf5 Re8 46. a7 Ra8 47. Kxf6 Bxa7 48. Ra5+ Kc4 49. Kxg5 Rg8+ 50. Kh6 Bb6 51. Rf5 Re8 52. Rf6 Bd8 53. Rc6+ Kd5 54. Rc5+ Kd6 55. Bf4+ Kd7 56. Kxh7 1-0

[Event "Vladimir op-B"]
[Site "Vladimir"]
[Date "2009.08.20"]
[Round "2"]
[White "Mishin, Alexei"]
[Black "Apanasenok, Alexander"]
[Result "1/2-1/2"]
[WhiteElo "2307"]
[BlackElo "2125"]
[PlyCount "110"]
[EventDate "2009.08.19"]
[EventType "swiss"]
[EventRounds "9"]
[EventCountry "RUS"]
[SourceTitle "EXT 2012"]
[Source "ChessBase"]
[SourceDate "2011.11.24"]
[SourceVersion "1"]
[SourceVersionDate "2011.11.24"]
[SourceQuality "1"]

1. e4 e5 2. Nf3 Nc6 3. d4 exd4 4. Nxd4 Bb4+ 5. c3 Bc5 6. Be3 Bb6 7. Bc4 Nge7 8. 0-0 0-0 9. Qh5 d6 10. Nd2 Ne5 11. Bb3 N7g6 12. Bg5 Qe8 13. Nf5 Nd7 14. Rae1 Kh8 15. Nc4 f6 16. Bh6 gxh6 17. Qxh6 Rg8 18. Ncxd6 cxd6 19. Nxd6 Nde5 20. Nxe8 Rxe8 21. h3 Be6 22. Bxe6 Rxe6 23. Kh1 Rae8 24. f4 Nf7 25. Qh5 Nd6 26. e5 R6e7 27. Qd1 Nf5 28. Qd3 Ng7 29. exf6 Rxe1 30. fxg7+ Kxg7 31. f5 Rxf1+ 32. Qxf1 Ne5 33. g4 Rd8 34. f6+ Kf7 35. Qe1 Re8 36. Qe4 Ng6 37. Qxb7+ Kxf6 38. c4 Re1+ 39. Kg2 Kg5 40. Qd5+ Re5 41. Qd2+ Be3 42. Qd8+ Kf4 43. b4 Ke4 44. Qd1 Nf4+ 45. Kg3 Nd3 46. a3 Bf4+ 47. Kg2 Kd4 48. c5 Re3 49. c6 Rg3+ 50. Kf1 Rxh3 51. Qa4 Rf3+ 52. Kg1 Rg3+ 53. Kf1 Rf3+ 54. Kg1 Be3+ 55. Kh2 Bf4+ 1/2-1/2